| 000 | 00893nam a2200277Ia 4500 | ||
|---|---|---|---|
| 003 | OSt | ||
| 005 | 20220926012014.0 | ||
| 006 | a|||||r|||| 00| 0 | ||
| 007 | ta | ||
| 008 | 220923b |||||||| |||| 00| 0 eng d | ||
| 020 | _a390203122 | ||
| 037 | _cGeneral Book | ||
| 040 |
_aRTL _cRTL _beng |
||
| 041 |
_2eng _aeng |
||
| 082 | _aX91:328.73.N7, L0 | ||
| 100 |
_aCollins Orvis _9152284 |
||
| 245 | 0 |
_aOrganization makers _b A behavioral study of indepe |
|
| 260 |
_aNew York _bAppleton-Century-Crofts _c1970 |
||
| 300 |
_ax, 237p. Bibliography p 233-34 _ccm. |
||
| 490 | _aAppleton-Century-Corfts, Administration series | ||
| 500 | _aPublished previously as Enterprising man | ||
| 650 | _aIndustrial Economics | ||
| 700 |
_a Moore David G _9315389 |
||
| 942 |
_hX91:328.73.N7, L0 _cGB _2CC |
||
| 999 |
_c621495 _d621495 |
||